| 000 | 00355nam a22001457a 4500 | ||
|---|---|---|---|
| 020 | _qPB. | ||
| 040 | _cFIZZA ISHAQ | ||
| 082 |
_a729.2 _bJOS |
||
| 100 |
_aJOSEPH,. _986665 |
||
| 245 |
_aTIME SAVER STANDARDS FOR BUILDING TYPES / _cJOSEPH. |
||
| 250 | _a4tH ED. | ||
| 260 |
_aNEW DEHLI : _bMC GRAW HILL, _c2001. |
||
| 300 | _a1005 P. ; | ||
| 942 |
_2ddc _cBK |
||
| 999 |
_c587400 _d587400 |
||